000 00939nab a2200205 i 4500
001 768714001
003 CO-MdFUSB
005 20240509144952.0
008 240508t1968 sp ||||| |||| 00| 0 spa d
040 _bspa
_cCO-MdFUSB
_dCO-MdFUSB
041 _aspa
100 _aHucke, Helmut,
_eautor
245 3 _aLa instrucción sobre la música en la liturgia
_c/ Helmut Hucke
520 _aEl 5 de marzo de 1967, domínica «laetare», apareció la Instrucción Musicam sacram sobre la música en la liturgia. Después se ha sabido esta que Instrucción había tenido una prehistoria muy movida. Este es un boletón sobre la liturgia
650 7 _aLiturgia
_9206
650 0 _aAdoración
_91066
773 0 _049450
_982592
_oR2522
_tRevista internacional de teología Concilium
_w(CO-MdFUSB)8
_x0210-1041
_gNúmero 32, (febrero, 1968), páginas: 283 - 302
_qpágina: 283
942 _cANA
945 _aCatherine Arias Alvarez - Practicante SENA
999 _c69615
_d69615